Paises que fazem fronteira com a África do Sul (sem mapa) - Statistics

Estatísticas Gerais
  • Esse quiz foi jogado 34 vezes
  • A pontuação média é 6 de 6
Estatísticas das Respostas
Hint Resposta % Correto
3 Lesoto
97%
5 Moçambique
97%
2 Botsuana
94%
4 Essuatini
91%
6 Namibia
91%
1 Zimbabue
88%
Nenhum quiz correspondente encontrado
Distribuição das Pontuações
Porcentagem de Pessoas com Cada Pontuação
Percentil de Números Respondidos
Sua Pontuação Histórica
Você não jogou esse quiz